К проблеме чтения трехмерных сейсмических данных; Технологии Microsoft в теории и практике программирования

Dades bibliogràfiques
Parent link:Технологии Microsoft в теории и практике программирования.— 2013.— [С. 74-76]
Autor principal: Бикинеева А. М. Анастасия Михайловна
Sumari:Заглавие с титульного листа.
This paper is focused on the problems of reading big volumes of seismic data. The main features of source data are enumerated, and some aspects of read process acceleration are examined. The paper's conclusion offers some suggestions about seismic data cube sections and types of memory models for each section.
Idioma:rus
Publicat: 2013
Col·lecció:Математическое моделирование и технологии высокопроизводительных вычислений
Matèries:
Accés en línia:http://www.lib.tpu.ru/fulltext/c/2013/C28/027.pdf
Format: MixedMaterials Electrònic Capítol de llibre
KOHA link:https://koha.lib.tpu.ru/cgi-bin/koha/opac-detail.pl?biblionumber=603028

MARC

LEADER 00000naa2a2200000 4500
001 603028
005 20260212162723.0
035 |a (RuTPU)RU\TPU\conf\167 
035 |a RU\TPU\conf\161 
090 |a 603028 
100 |a 20131204d2013 k y0rusy50 ca 
101 0 |a rus 
102 |a RU 
135 |a drcn ---uucaa 
181 0 |a i  
182 0 |a b 
200 1 |a К проблеме чтения трехмерных сейсмических данных  |f А. М. Бикинеева 
203 |a Текст  |c электронный 
225 1 |a Математическое моделирование и технологии высокопроизводительных вычислений 
300 |a Заглавие с титульного листа. 
320 |a [Библиогр.: с. 76 (3 назв.)] 
330 |a This paper is focused on the problems of reading big volumes of seismic data. The main features of source data are enumerated, and some aspects of read process acceleration are examined. The paper's conclusion offers some suggestions about seismic data cube sections and types of memory models for each section. 
337 |a Adobe Reader 
463 1 |0 (RuTPU)RU\TPU\conf\40  |t Технологии Microsoft в теории и практике программирования  |o сборник трудов X Всероссийской научно-практической конференции студентов, аспирантов и молодых ученых, г.Томск, 19-20 марта 2013 г.  |f Национальный исследовательский Томский политехнический университет (ТПУ), Институт кибернетики ; ред. кол. А. В. Лиепиньш и др.  |v [С. 74-76]  |d 2013 
610 1 |a электронный ресурс 
610 1 |a труды учёных ТПУ 
610 1 |a сейсмические данные 
610 1 |a чтение 
610 1 |a сейсморазведка 
610 1 |a метод общей глубинной точки 
610 1 |a трехмерные данные 
700 1 |a Бикинеева  |b А. М.  |g Анастасия Михайловна 
801 2 |a RU  |b 63413507  |c 20230518  |g RCR 
856 4 |u http://www.lib.tpu.ru/fulltext/c/2013/C28/027.pdf 
942 |c BK